000 00329nam a2200133Ia 4500
005 20251222154323.0
008 251222s9999||||xx |||||||||||||| ||spa||
082 _a621.483/M82
100 _aMollá Alacreu, Miguel
245 0 _aCurso de Instalador de Gas IG-II
250 _a1ra.ed.
264 _bInstituto Inter
942 _cLIB
999 _c33853
_d33853